00387nam a2200145 a 450000100060000000300090000600800410001504000280005608200160008410000350010024500180013526000580015330000080021165000220021914240CO-ViMGA141112s2004 ck r 000 u spa d aCO-ViMGAbspacCO-ViMGA04aCo861 L537t1 aLleras de la Fuente, Feernando10aTiempo fragil aSantafé de Bogotá : bUniversidad Central, c1995 a10514aPOESIA COLOMBIANA